| 000 | 00405cam a2200181 4500 | ||
|---|---|---|---|
| 008 | 090401t1971 xxu||||| |||| 00| 0 eng d | ||
| 020 | _a0900391839 | ||
| 035 | _a(Sirsi) u1326 | ||
| 041 | _aeng | ||
| 050 | _a912.075 | ||
| 100 | _aRadford, P.J. | ||
| 245 | _aAntique maps | ||
| 260 |
_aLondon _bGarnstone Press _c1971 |
||
| 300 | _a72p. 21cm | ||
| 350 | _a1.4 | ||
| 942 | _n0 | ||
| 948 | _c04/03/1997 | ||
| 999 |
_c85656 _d85656 |
||